Catálogo

Vista normal Vista MARC

Entrada Personal Name

Número de registros utilizados en: 3

001 - CONTROL NUMBER

  • control field: 13454

003 - CONTROL NUMBER IDENTIFIER

  • control field: DLC

005 - DATE AND TIME OF LATEST TRANSACTION

  • control field: 20221024093549.0

008 - FIXED-LENGTH DATA ELEMENTS

  • fixed length control field: 060714n| azannaabn |a aaa c

010 ## - LIBRARY OF CONGRESS CONTROL NUMBER

  • LC control number: nr2006018883

040 ## - CATALOGING SOURCE

  • Original cataloging agency: CSt
  • Language of cataloging: Spa
  • Transcribing agency: Mx-PuUPA
  • Description conventions: rda
  • Modifying agency: DLC
  • Modifying agency: Mx-PuUPA

100 1# - HEADING--PERSONAL NAME

  • Personal name: Camacho Vargas, José Luis,

370 ## - ASSOCIATED PLACE

  • Associated country: México
  • Source of term: naf

372 ## - FIELD OF ACTIVITY

  • Field of activity: Derecho
  • Source of term: lcsh

373 ## - ASSOCIATED GROUP

  • Associated group: Instituto Politécnico Nacional (Mexico)
  • Source of term: naf

373 ## - ASSOCIATED GROUP

  • Associated group: Universidad Nacional Autónoma de México
  • Source of term: naf

374 ## - OCCUPATION

  • Occupation: profesor de derecho
  • Occupation: Periodista
  • Source of term: lcsh

377 ## - ASSOCIATED LANGUAGE

  • Language code: spa

400 1# - SEE FROM TRACING--PERSONAL NAME

  • Personal name: Vargas, José Luis Camacho

670 ## - SOURCE DATA FOUND

  • Source citation: El Congreso Mexicano, 2006:
  • Information found: t.p. (José Luis Camacho Vargas)

670 ## - SOURCE DATA FOUND

  • Source citation: IMEPOL website, viewed 2021-05-24:
  • Information found: Mtro. José Luis Camacho Vargas. Master's degree in Mexican constitutional law. Licenciado in law from UNAM and in journalism from the Escuela Carlos Septién García. Director and founding member of the Instituto Mexicano de Estudios sobre el Poder Legislativo. Has been a professor of general legal theory at Instituto Politécnico Nacional. Currently an academic in the Facultad de Ciencias Políticas y Sociales y del Posgrado de Derecho, UNAM, and the Seguridad y Defensa Nacionales del Colegio de Defensa Nacional. Radio commentator, media columnist.
  • Uniform Resource Identifier: https://www.imepol.com.mx/nuestro-director/